Obnovitelné zdroje v kontextu energetické bezpečnosti Evropské unie
Problematika energetickej bezpečnosti Európskej únie na pozadí Lisabonskej zmluvy a novo ukotvených pravidiel energetickej politiky.
Salvato in:
| Autore principale: | |
|---|---|
| Natura: | Capitolo di libro |
| Lingua: | ceco |
| Soggetti: | |
| Tags: |
Nessun Tag, puoi essere il primo ad aggiungerne!!
|
MARC
| LEADER | 00000naa a2200000 4500 | ||
|---|---|---|---|
| 001 | 0161831 | ||
| 005 | 20231204125430.1 | ||
| 041 | 0 | |a cze | |
| 044 | |a CZ | ||
| 245 | 1 | 0 | |a Obnovitelné zdroje v kontextu energetické bezpečnosti Evropské unie |c Daniel Machytka |
| 520 | |a Problematika energetickej bezpečnosti Európskej únie na pozadí Lisabonskej zmluvy a novo ukotvených pravidiel energetickej politiky. | ||
| 610 | 2 | 0 | |a Európska únia |
| 610 | 2 | 0 | |a bezpečnosť energetická |
| 610 | 2 | 0 | |a zdroje palivovo-energetické |
| 610 | 2 | 0 | |a zdroje energie obnoviteľné |
| 610 | 2 | 0 | |a rozvoj trvalo udržateľný |
| 610 | 2 | 0 | |a politika energetická |
| 610 | 2 | 0 | |a spolupráca hospodárska medzinárodná |
| 100 | 1 | |a Machytka, Daniel | |